000 00707nam a22002297a 4500
003 OSt
005 20221005051758.0
008 170331b xxu||||| |||| 00| 0 eng d
020 _a0198602596
040 _aMMU
_cMMU
_dMMU
_beng.
050 0 0 _aPE1628 .C68 1999
245 0 4 _aThe Concise Oxford dictionary/
_cedited by Judy Pearsall.
250 _a10th ed.
260 _aOxford ;
_aNew York :
_bOxford University Press,
_c1998.
300 _axx,1666p.;
490 0 _aOxford paperback reference
650 0 _aDictionaries.
700 1 _aAllaby, Michael.
740 0 _aZoology.
856 4 2 _3Publisher description
_uhttp://www.loc.gov/catdir/enhancements/fy0640/91045531-d.html
942 _2lcc
_cLOAN LOAN
999 _c26572
_d26572